header

Proconsul to the Middle East (Record no. 142772)

MARC details
000 -LEADER
fixed length control field 01567nam a2200397 a 4500
082 04 - DEWEY DECIMAL CLASSIFICATION NUMBER
Classification number 956.7041092
100 1# - MAIN ENTRY--AUTHOR NAME
Personal name Townsend, John.
245 10 - TITLE STATEMENT
Title Proconsul to the Middle East
260 ## - PUBLICATION, DISTRIBUTION, ETC. (IMPRINT)
Place of publication London :
Name of publisher I. B. Tauris,
Year of publication 2010.
300 ## - PHYSICAL DESCRIPTION
Number of Pages xx, 232 p. :
Other physical details ill., map.
650 #0 - SUBJECT ADDED ENTRY--TOPICAL TERM
Topical Term Colonial administrators
Topical Term Colonial administrators
856 40 - ELECTRONIC LOCATION AND ACCESS
Uniform Resource Identifier http://site.ebrary.com/lib/rucke/Doc?id=10426315

No items available.

© 2026 Rongo University
Contact us: librarian | system librarian | Rongo university